000 00695nam a2200229 a 4500
001 BRCA_4243
005 20190320204611.0
008 140610s1910----gw-ac#####---#000-0#ger-#
041 _ager
044 _agw
050 4 _aPT2638
_b.V65 1910
100 1 _aVollrat Schmacher, Heinrich
_910935
245 1 0 _aLord Nelsons Letzte Liebe
_bRomane
_cHeinrich Vollrat Schmacher.
260 _aBerlín, Alemania
_bVerlag von Rich
_c1910
300 _a456 p.
_bil. (algunas a color), retratos
_c22 cm.
440 0 _aRomane berühmter manner und Frauen
_910936
500 _aAM55
504 _aBibliografía: p. 455-456
650 1 4 _aNovela histórica alemana
_910937
902 _aGFM
942 _2lcc
_cB
999 _c3954
_d3954